000 00982njm a22002657a 4500
005 20100914153831.0
006 a|||||r|||||00| 0
007 sd ammalaaahaa
008 100914t xxu||||| |||| 00| 0 eng d
028 _a7EPE.1983
_bEMI
035 _aGR-02491
040 _aSED
_cSED
100 _917455
_aJasbir Kaur
245 _aKala sha kala mera /
_cby Ee Sardar
_h[sound recording] :
246 _aਕਲਾ ਸ਼ਾ ਕਲਾ ਮੇਰਾ / ਈ ਸਰਦਾਰ
260 _aDum Dum, India
_bEMI
300 _a1 sound disc [Gramophone Recording]:
_banalog, 45 rpm
_c7.5 in. (SP)
_fGramophone Record
500 _aBrief Record
500 _aRecord labels :EMI,Red
505 _aSide-2 ਮੈਨੂੰ ਵਾਂਗ ਨਾ ਪਸੰਦ (Mainun wang na pasand)
600 _aJasbir Kaur
_91184
650 _aPunjabi Folk Songs
_zIndia
_91186
_xExcerpts
942 _2ddc
_cGR
999 _c45787
_d45787